01483nam a2200457 i 450000100060000000300090000600500170001500800390003201500160007102000150008703500230010203500360012503500140016103500200017503500230019503500440021804000280026204100080029004600090029808000180030724501190032526000480044430000260049233600270051833700540054533800280059938000160062738800140064338800140065750400360067164800190070764800190072665000190074565000130076465100110077765800220078870000400081070000410085071000360089185600980092721912KOSZ 00520240405063029.0990506s1983 pl f |001 0 pol aPB 1983/242 a8301042206 a991009172189705066 a(PL-WaBN)b12488744-48omnis_nlop ab12488744 a(OCoLC)69531966 a(PL)b0000001248874 a(EXLNZ-48OMNIS_NETWORK)9910303832705606 aWA NcWA NdKOSZ 005/EG0 apol k1983 a1(438)"18/19"10aZarys dziejów filozofii polskiej :b1815-1918 /cred. nauk. Andrzej Walicki ; [aut.] Stanisław Borzym [et al.]. aWarszawa :bPańst. Wydaw. Naukowe,c1983. a611, [1] s. ;c21 cm. 2rdacontentaTekstbtxt 2rdamediaaBez urządzenia pośredniczącegobn 2rdacarrieraWoluminbnc aKsiążki a1901-2000 a1945-1989 aBibliogr. s. 548-600. - Indeks. 7a1801-19002DBN 7a1901-20002DBN 7aFilozofia2DBN 7aHistoria aPolska aFilozofia i etyka1 aBorzym, Stanisławd(1939- )eAutor1 aWalicki, Andrzejd(1930- )eRedakcja2 aPaństwowe Wydawnictwo Naukowe uhttp://koha.tu.koszalin.pl/cgi-bin/koha/opac-detail.pl?biblionumber=21912yKatalog online BPK